000 00822nac a22002411i 4500
003 EG-ScBUE
005 20241003131748.0
008 241003s1957 enk f 001 0 eng d
040 _aEG-ScBUE
_beng
_erda
_cEG-ScBUE
_dEG-ScBUE
082 0 4 _a512.13
_bFER
_222
100 1 _aFerrar ,W. L.,
_eauthor.
245 1 0 _aAlgebra :
_ba text-book of determinants, matrices and algebraic forms /
_cby W. L. Ferrar, fellow and tutor of Hertford College Oxford.
250 _aSecond edition.
264 1 _aLondon :
_bOxford University Press,
_c1957.
300 _a220 pages ;
_b20 cm
336 _2rdacontent
_atext
_btxt
337 _aunmediated
_2rdamedia
_bn
338 _avolume
_bnc
_2rdacarrier
500 _aIncludes index.
650 7 _aAlgebra
_xTextbooks.
_2BUEsh
655 _vReading book
942 _cBB
_2ddc
999 _c3180
_d3180